zpět

Detail výsledku týmu

Meziprostor, České Budějovice

Datum a čas kvízu

47 Celkem bodů Celkový počet nahraných bodů na tomto kvízu bez doplňovacích otázek.
1. Pořadí na kvízu Konečné umístění týmu na tomto kvízu.

Zaznamenané odpovědi

# Otázka Odpověď Body Výsledky
1. Minulý týden policie informova... škvor 1
2. Minulý týden se v českých médi... A 1
3. Minulý týden jsme se dozvěděli... Francie 1
4. Který ostrovní stát zavedl jak... Island 1
5. Který známý americký herec a k... Will Ferrell 1
6. Mezi nejúspěšnější sourozence... 2000; 2012 0.5
7. Sourozenci Taschlerovi nás rep... Natálie; Filip 1
8. Opomenout v tomto tématu nesmí... 7,5 km; 6 km 0
9. Nyní bude vaším úkolem napsat,... v akrobatickém lyžování (jízda v boulích) 0
10. Na závěr se podíváme na bratrs... B 1